Indian Railways: (Record no. 190599)
[ view plain ]
| 000 -LEADER | |
|---|---|
| fixed length control field | 00683nam a22002057a 4500 |
| 005 - DATE AND TIME OF LATEST TRANSACTION | |
| control field | 20220729115558.0 |
| 010 ## - LCCN (DPL NO) | |
| LC control number | ENG-134091 |
| 020 ## - INTERNATIONAL STANDARD BOOK NUMBER | |
| International Standard Book Number | 9780143426752 |
| Terms of availability | 299.00 |
| 035 ## - SYSTEM CONTROL NUMBER | |
| System control number | EN-117623 |
| 037 ## - SOURCE OF ACQUISITION | |
| Source of stock number/acquisition | DBAB/PUB |
| 082 ## - DEWEY DECIMAL CLASSIFICATION NUMBER | |
| Classification number | 325.0954 |
| 100 ## - MAIN ENTRY--PERSONAL NAME | |
| Personal name | Debroy, Bibek |
| 245 ## - TITLE STATEMENT | |
| Title | Indian Railways: |
| Remainder of title | The Weaving Of a National Tapestry/ |
| Statement of responsibility, etc | Bibek Debroy, Sanjay Chadha and Vidya Krishnamurthi |
| 260 ## - PUBLICATION, DISTRIBUTION, ETC. (IMPRINT) | |
| Place of publication, distribution, etc | Gurgaon |
| Name of publisher, distributor, etc | Random House India Pvt Ltd |
| Date of publication, distribution, etc | 2017 |
| 270 ## - ADDRESS | |
| Address | 7th Floor, Infinity Tower C, DLF Cyber City |
| City | Gurgaon |
| Postal code | 122002 |
| 300 ## - PHYSICAL DESCRIPTION | |
| Extent | xxiii, 224p. |
| Dimensions | 20cm(pbk) |
| 700 ## - ADDED ENTRY--PERSONAL NAME | |
| Personal name | Chadha, Sanjay |
| 700 ## - ADDED ENTRY--PERSONAL NAME | |
| Personal name | Krishnamurthi, Vidya |
| 942 ## - ADDED ENTRY ELEMENTS (KOHA) | |
| Source of classification or shelving scheme | Dewey Decimal Classification |
| Item type | English Books |
| Classification part | 385.0954 |
| Call number suffix | DEB |
| Withdrawn status | Lost status | Not for loan | Collection code | Home library | Current library | Date acquired | Source of acquisition | Cost, normal purchase price | Full call number | Barcode | Copy number | Cost, replacement price | Koha item type |
|---|---|---|---|---|---|---|---|---|---|---|---|---|---|
| Non-fiction | Bawana | Bawana | 29/07/2022 | DBAD/PUB | 299.00 | 385.0954 DEB | EN-117623 | 1 | 299.00 | English Books |
